Prevalencia de la suspensión de lactancia materna en niños menores de 6 meses por parte de madres que asisten al PAI en centros de salud de Cartagena de Indias / (Registro nro. 3950)

Detalles MARC
000 -LEADER
fixed length control field 01905nam a2200265 4500
001 - CONTROL NUMBER
control field 0000076106
005 - DATE AND TIME OF LATEST TRANSACTION
control field 20250329165433.0
007 - PHYSICAL DESCRIPTION FIXED FIELD--GENERAL INFORMATION
fixed length control field ta
008 - FIXED-LENGTH DATA ELEMENTS--GENERAL INFORMATION
fixed length control field 190415s2016 000 0 eng d
040 ## - CATALOGING SOURCE
Original cataloging agency CO-CtgCURN
Language of cataloging spa
Transcribing agency coctgcurn
082 0# - DEWEY DECIMAL CLASSIFICATION NUMBER
Classification number ENF 2016
Item number F475
100 1# - MAIN ENTRY--PERSONAL NAME
Personal name Figueroa Torres, Laura Vanesa.
245 10 - TITLE STATEMENT
Title Prevalencia de la suspensión de lactancia materna en niños menores de 6 meses por parte de madres que asisten al PAI en centros de salud de Cartagena de Indias /
Statement of responsibility, etc. Martha Judith Julio Marrugo; Yulis Month Osorio; Raiza Maria Torregloza Diaz; Directora: Shirley Fernndez Aragn.
260 ## - PUBLICATION, DISTRIBUTION, ETC.
Place of publication, distribution, etc. Cartagena de Indias :
Name of publisher, distributor, etc. Corporación Universitaria Rafael Núñez,
Date of publication, distribution, etc. 2016.
300 ## - PHYSICAL DESCRIPTION
Extent 60 hojas.
504 ## - BIBLIOGRAPHY, ETC. NOTE
Bibliography, etc. note Trabajo de grado (Enfermera).Corporación Universitaria Rafael Nuñez. Facultad de Ciencias de Salud. Programa de Enfermeria, 2016.
520 ## - SUMMARY, ETC.
Summary, etc. "Las radiografías en general son ayudas diagnosticas presuntivas esenciales en la odontología, existen diversos tipos de radiografías, entre estas se encuentra la radiografía panorámica, la cual es un tipo de examen imagenológico que se encuentra a disposición de los profesionales y estudiantes en un grado avanzado de formación en el área. Este método de detección es empleado de forma sistemática al momento de realizar un diagnóstico, brindando ayuda en diversas especialidades de la odontología."
650 14 - SUBJECT ADDED ENTRY--TOPICAL TERM
Topical term or geographic name entry element Enfermeria
Form subdivision Tesis y disertaciones academicas.
700 1# - ADDED ENTRY--PERSONAL NAME
Personal name Month Osorio, Yulis.
700 1# - ADDED ENTRY--PERSONAL NAME
Personal name Torregloza Diaz, Raiza Maria.
700 1# - ADDED ENTRY--PERSONAL NAME
Personal name Fernndez Aragón, Shirley,
Relator term directora.
856 ## - ELECTRONIC LOCATION AND ACCESS
Uniform Resource Identifier <a href="https://unicurn.sharepoint.com/:b:/s/biblioteca/EU9MGq1Ppo1DsMReeFvTjVUB08ojzetjr-DaW31n9aIXLA?e=OvwxyG">https://unicurn.sharepoint.com/:b:/s/biblioteca/EU9MGq1Ppo1DsMReeFvTjVUB08ojzetjr-DaW31n9aIXLA?e=OvwxyG</a>
Public note Click aqui para ver el recurso en texto completo
942 ## - ADDED ENTRY ELEMENTS (KOHA)
Source of classification or shelving scheme Dewey Decimal Classification
Koha item type Trabajos de grado
-- Trabajos de grado
Classification part ENF 2016
Item part F475
Existencias
Withdrawn status Lost status Source of classification or shelving scheme Damaged status Not for loan Collection Home library Current library Shelving location Date acquired Source of acquisition Cost, normal purchase price Inventory number Total checkouts Full call number Barcode Date last seen Price effective from Koha item type
    Dewey Decimal Classification     Trabajos de grado Miguel Henríquez Emiliani Miguel Henríquez Emiliani Trabajo de grado 06/01/2019 El autor 350000.00 022782   ENF 2016 F475 022782 03/29/2025 03/29/2025 Trabajos de grado